Psychosocial occupational therapy : (Record no. 1418)

MARC details
000 -LEADER
fixed length control field 01044cam a22003254a 4500
005 - DATE AND TIME OF LATEST TRANSACTION
control field 20260322212059.0
008 - FIXED-LENGTH DATA ELEMENTS--GENERAL INFORMATION
fixed length control field data
010 ## - LIBRARY OF CONGRESS CONTROL NUMBER
LC control number 2004013041
020 ## - INTERNATIONAL STANDARD BOOK NUMBER
International Standard Book Number 9781401812324 (alk. paper)
020 ## - INTERNATIONAL STANDARD BOOK NUMBER
International Standard Book Number 1401812325 (alk. paper)
040 ## - CATALOGING SOURCE
Original cataloging agency DLC
Transcribing agency DLC
Modifying agency C#P
041 09 - LANGUAGE CODE
Language code of text/sound track or separate title eng
042 ## - AUTHENTICATION CODE
Authentication code nlmcopyc
-- nlmcopyc
044 ## - COUNTRY OF PUBLISHING/PRODUCING ENTITY CODE
-- Australia
049 ## - LOCAL HOLDINGS (OCLC)
Holding library NLMM
050 00 - LIBRARY OF CONGRESS CALL NUMBER
Classification number RC487
Item number .C36 2005
060 10 - NATIONAL LIBRARY OF MEDICINE CALL NUMBER
Classification number WM 450.5.O2
Item number C257p 2005
082 00 - DEWEY DECIMAL CLASSIFICATION NUMBER
Classification number 616.89/165
Edition information 22
001 - CONTROL NUMBER
control field data
100 1# - MAIN ENTRY--PERSONAL NAME
Personal name Cara, Elizabeth.
245 10 - TITLE STATEMENT
Title Psychosocial occupational therapy :
Remainder of title a clinical practice /
Statement of responsibility, etc. Elizabeth Cara & Anne MacRae.
250 ## - EDITION STATEMENT
Edition statement 2nd ed.
260 ## - PUBLICATION, DISTRIBUTION, ETC.
Place of publication, distribution, etc. Clifton Park, NY :
-- Clifton Park, NY :
Name of publisher, distributor, etc. Thomson Delmar Learning,
Date of publication, distribution, etc. c2005.
300 ## - PHYSICAL DESCRIPTION
Extent xxvii, 745 p. :
Other physical details ill. ;
Dimensions 23 cm.
500 ## - GENERAL NOTE
General note Rev. ed. of: Psychosocial occupational therapy in clinical practice. c1998.
504 ## - BIBLIOGRAPHY, ETC. NOTE
Bibliography, etc. note Includes bibliographical references and index.
650 12 - SUBJECT ADDED ENTRY--TOPICAL TERM
Topical term or geographic name entry element Occupational Therapy
General subdivision methods
650 22 - SUBJECT ADDED ENTRY--TOPICAL TERM
Topical term or geographic name entry element Mental Disorders
General subdivision rehabilitation
700 1# - ADDED ENTRY--PERSONAL NAME
Personal name MacRae, Anne.
Holdings
Withdrawn status Lost status Damaged status Not for loan Home library Current library Shelving location Date acquired Total checkouts Full call number Barcode Date last seen Price effective from Koha item type
        Riverside Riverside General stacks 22/03/2026   616.89/165 22 BC0011465 22/03/2026 22/03/2026 Books